Eléments de Mathématique: topologie générale
Đã lưu trong:
| Tác giả chính: | |
|---|---|
| Định dạng: | Sách |
| Ngôn ngữ: | Tiếng Pháp |
| Được phát hành: |
París, Francia
Hermann
1965
|
| Phiên bản: | Cuarta edición |
| Loạt: | Actualités Scientifiques et Industrielles.
1142 |
| Những chủ đề: | |
| Các nhãn: |
Thêm thẻ
Không có thẻ, Là người đầu tiên thẻ bản ghi này!
|
MARC
| LEADER | 00000nam a2200000 a 4500 | ||
|---|---|---|---|
| 001 | UCP0584 | ||
| 003 | CL-VaPUC | ||
| 005 | 20230629111847.0 | ||
| 008 | 990313e19650000FR |||||||||||||||||fre|d | ||
| 999 | |c 279347 |d 279345 | ||
| 040 | |c Pontificia Universidad Católica de Valparaíso | ||
| 082 | 0 | 4 | |a 514 BOU 1965 |2 21 |
| 100 | 0 | |a Bourbaki, Nicolás |9 425943 | |
| 245 | 1 | 0 | |a Eléments de Mathématique: topologie générale |
| 250 | |a Cuarta edición | ||
| 260 | 0 | 3 | |a París, Francia |b Hermann |c 1965 |
| 300 | |a 255 páginas | ||
| 490 | 0 | |a Actualités Scientifiques et Industrielles. |v 1142 | |
| 505 | |a Chapitre 1: Structures topologiques. Chapitre 2: Structures uniformes. | ||
| 583 | |a last modification |c 19990313 00:00:00 |k Rodrigo Vera | ||
| 650 | 0 | |a Topología |9 260092 | |
| 650 | 0 | |a Topología algebraica |9 269858 | |
| 650 | 0 | |a Espacios topológicos |9 360015 | |
| 650 | 7 | |a GRUPOS TOPOLOGICOS |2 CL-VaPUC |9 270584 | |
| 942 | |c BK |2 ddc | ||
| 945 | |d 19990313 00:00:00 |a crobeson | ||
| 952 | |0 0 |1 0 |2 ddc |4 0 |6 514_000000000000000_BOU_1965 |7 0 |8 A |9 318421 |a BIBMAT |b BIBMAT |d 2019-11-20 |i 1322087 |o 514 BOU 1965 |p 1322087 |r 2025-01-07 |t 1 |w 2019-11-20 |y BK |k MAT | ||